| 000 | 00672nam a22002292 4500 | ||
|---|---|---|---|
| 001 | 0000012960 | ||
| 005 | 20151217145858.0 | ||
| 008 | 090514s xx 000 0 eng d | ||
| 020 | _a0582318297 : | ||
| 040 |
_aKABU _cKABU |
||
| 100 | 1 |
_aGanderton, Paul. _@0000169996 |
|
| 245 | 1 | 0 |
_aEnvironmental biogeography / _cPaul Ganderton, and Paddy Coker. |
| 250 | _a1st ed. | ||
| 260 |
_aHarlow, England : _bPearson, _c2005. |
||
| 300 | _ax, 283 p. | ||
| 650 | 0 |
_aBiogeography. _@0000160472 |
|
| 650 | 0 |
_aEcology. _@0000155307 |
|
| 700 | 1 |
_aCoker, Paddy. _@0000169997 |
|
| 852 | 1 | _9p3105 KES | |
| 908 | _a090514 | ||
| 950 | _@1 | ||
| 999 |
_c3633 _d3633 |
||